| 000 | 00452nam a2200121Ia 4500 | ||
|---|---|---|---|
| 008 | 160712s9999 xx 000 0 und d | ||
| 100 | _aVelasco, Lawrence G. | ||
| 245 |
_cLawrence G. Velasco _aFactors Influencing Derivatives Usage by Selected Listed Companies in the Philippines |
||
| 260 |
_c2014 _bPhilippine Management Review |
||
| 300 | _avol. 21 | ||
| 650 | _xMANAGEMENT | ||
| 856 | _uhttp://journals.upd.edu.ph/index.php/pmr/issue/view/420/showToc | ||
| 999 |
_c297202 _d297202 |
||